| 000 | 00701nam a2200217 a 4500 | ||
|---|---|---|---|
| 999 |
_c1422 _d1422 |
||
| 005 | 20200515100316.0 | ||
| 008 | 140227b1994 it ||||| |||| 00| 0 eng d | ||
| 040 |
_aCO-BoIAVH _cCO-BoIAVH |
||
| 041 | _aeng | ||
| 044 | _ait | ||
| 090 |
_aLB _b01414 |
||
| 111 |
_aFAO Panel of experts on forest gene resources _cRome (Italy) _d1993 _nVIII _912249 |
||
| 245 | _aReport of the FAO panel of experts on forest gene resources | ||
| 260 |
_aRoma _bFAO and Agriculture Organization of the United Nations _c1994 |
||
| 300 | _a57 p. | ||
| 650 |
_aRecursos genéticos _9102929 |
||
| 650 |
_aConservación de bosques _9102930 |
||
| 650 |
_aFinanciación _9102931 |
||
| 650 |
_aBosques _9102932 |
||
| 942 |
_cLIBRO _2z |
||